logo

Bir Sreshtho Munshi Abdur Rouf Library
Jhenaidah Cadet College

পান্নুর পাঠাগার : (Record no. 2991)

MARC details
000 -LEADER
fixed length control field 00701nam a2200217 a 4500
001 - CONTROL NUMBER
JCCL Control Number 2991
003 - CONTROL NUMBER IDENTIFIER
JCCL marc code BD-JhCC
005 - DATE AND TIME OF LATEST TRANSACTION
control field 20171115180823.0
008 - FIXED-LENGTH DATA ELEMENTS--GENERAL INFORMATION
fixed length control field 171108s1966 bg |||| ||a| 000 0 ben d
035 ## - SYSTEM CONTROL NUMBER
system control number (BD-JhCC)2991
040 ## - CATALOGING SOURCE
Original cataloging agency BD-JhCC
Modifying agency BD-JhCC
041 ## - LANGUAGE CODE
Language code of Book ben
082 ## - DEWEY DECIMAL CLASSIFICATION NUMBER
Classification number 891.4435
Author mark and Year RAH 1966
100 ## - MAIN ENTRY--PERSONAL NAME
Personal name রহমান, গোলাম
245 ## - TITLE STATEMENT
Title পান্নুর পাঠাগার :
Remainder of title হাসির গল্প সংকলন /
Statement of responsibility, etc গোলাম রহমান
260 ## - PUBLICATION, DISTRIBUTION, ETC. (IMPRINT)
Place of publication, distribution, etc ঢাকা :
Name of publisher, distributor, etc ইউনিট বুক এজেন্সী,
Date of publication, distribution, etc ১৯৬৬.
300 ## - PHYSICAL DESCRIPTION
Pagination 15 p . :
Dimensions 16 cm.
650 ## - SUBJECT ADDED ENTRY--TOPICAL TERM
Topical term or geographic name as entry element Collection of Short Stories
942 ## - ADDED ENTRY ELEMENTS (KOHA)
Source of classification or shelving scheme Dewey Decimal Classification
Koha item type Books
Holdings
Source of classification or shelving scheme Damaged status Not for loan Home library Current library Shelving location Date of accession Cost, normal purchase price Total Checkouts Full call number Barcode Date last seen Copy number Koha item type
Dewey Decimal Classification     JCC Rouf Library JCC Rouf Library General Stacks 11/08/2017 1.00   891.4435 RAH 1966 4648 11/08/2017 C- 1 Books

JCC Library | Contacts | JCC Home

Last Update on 23 September 2017
Copyright @ 2017-2020 JCC Rouf Library
Rouf Library, Jhenidah Cadet College (JCC), Bangladesh